01078nam a2200277Ia 450000500170000000800410001702000150005804100080007310000460008124501890012725000250031626400330034130000410037433600270041533700330044233800280047549000250050365000390052865000330056765000320060070000320063270000380066470000520070204000350075408400110078920220316235331.0121119s2002 ck a gr 000 f spa  a95830044480 aspa1 aCervantes Saavedra, Miguel de,d1547-161613aEl ingenioso hidalgo Don Quijote de la ManchacMiguel de Cervantes Saavedra ; introducción y anotaciones, Jaime García Maffla ; ilustraciones, Ricardo Balaca y José Luis Pellicer aCuarta reimpresión 1aBogotábPanamericanac2002 a904 páginasbilustracionesc23 cm. atextobtxt2rdacontent asin mediaciónbn2rdamedia avolumenbnc2rdacarrier0 aLiteratura universal142LEMBaNovela españolay1500-1700142LEMBaLibros de caballería142LEMBaLiteratura española1 aBalaca, Ricardoeilustrador1 aPellicer, José Luiseilustrador1 aGarcía Maffla, Jaimeeautor de introducción aCO-BoRNBPbspaerdacCO-BoRNBP aN CER3